<?xml version="1.0" encoding="UTF-8"?>
<record
    xmlns:xsi="http://www.w3.org/2001/XMLSchema-instance"
    xsi:schemaLocation="http://www.loc.gov/MARC21/slim http://www.loc.gov/standards/marcxml/schema/MARC21slim.xsd"
    xmlns="http://www.loc.gov/MARC21/slim">

  <leader>01893nam a22002297a 4500</leader>
  <controlfield tag="003">IT-MiCISF</controlfield>
  <controlfield tag="005">20260225145539.0</controlfield>
  <controlfield tag="008">161221b        xxu||||| |||| 00| 0 eng d</controlfield>
  <datafield tag="020" ind1=" " ind2=" ">
    <subfield code="a">9788851417703</subfield>
  </datafield>
  <datafield tag="040" ind1=" " ind2=" ">
    <subfield code="c">IT-MiCISF</subfield>
  </datafield>
  <datafield tag="041" ind1=" " ind2=" ">
    <subfield code="a">it</subfield>
  </datafield>
  <datafield tag="100" ind1=" " ind2=" ">
    <subfield code="a">Zanetti Eugenio (a cura di)</subfield>
    <subfield code="9">56096</subfield>
  </datafield>
  <datafield tag="245" ind1=" " ind2=" ">
    <subfield code="a">Porte aperte.</subfield>
    <subfield code="b">Accompagnare, discernere, integrare vissuti di separazione, divorzio o nuova unione alla luce di Amoris Laetitia</subfield>
  </datafield>
  <datafield tag="260" ind1=" " ind2=" ">
    <subfield code="a">Milano,</subfield>
    <subfield code="b">Ancora,</subfield>
    <subfield code="c">2016</subfield>
  </datafield>
  <datafield tag="300" ind1=" " ind2=" ">
    <subfield code="a">pp. 111</subfield>
  </datafield>
  <datafield tag="500" ind1=" " ind2=" ">
    <subfield code="a">pastorale-familiare, nuove-nozze, divorzio, esperienze</subfield>
  </datafield>
  <datafield tag="520" ind1=" " ind2=" ">
    <subfield code="a">In un tempo in cui Amoris laetitia di Papa Francesco ha portato alla Chiesa un rinnovato impulso per la pastorale della famiglia e in particolare delle famiglie ferite, questo libro vuole offrire un contributo alla realizzazione di adeguati cammini nelle chiese locali. Si tratta della testimonianza di ci&#xF2;  che da vent&#x2019;anni nella diocesi di Bergamo il gruppo &#x201C;La Casa&#x201D; sta svolgendo per e con persone separate, divorziate o risposate. Un racconto degli itinerari di preghiera, formazione e orientamento, arricchito da intense testimonianze di chi ha vissuto sulla propria pelle esperienze di separazione, divorzio e magari avvio di una nuova unione, e ha il desiderio di rileggere la propria vita alla luce della fede cristiana, dentro la comunit&#xE0; ecclesiale. Accompagnare, discernere, integrare in una Chiesa che apre le sue porte ai fratelli feriti nell&#x2019;amore e bisognosi di amore, che a loro volta hanno aperto il loro cuore e chiedono accoglienza e comprensione: questo &#xE8;  lo spirito che anima le iniziative del gruppo &#x201C;La Casa&#x201D;. (Con le testimonianze del gruppo "La Casa" della diocesi di Bergamo)</subfield>
  </datafield>
  <datafield tag="650" ind1=" " ind2=" ">
    <subfield code="a">Pastorale-familiare</subfield>
    <subfield code="9">56039</subfield>
  </datafield>
  <datafield tag="654" ind1=" " ind2=" ">
    <subfield code="a">testimonianza</subfield>
  </datafield>
  <datafield tag="700" ind1=" " ind2=" ">
    <subfield code="a">Della Giovanna M., Dal Molin O., Gruppo La Casa della Diocesi di Bergamo</subfield>
    <subfield code="9">63417</subfield>
  </datafield>
  <datafield tag="942" ind1=" " ind2=" ">
    <subfield code="2">ddc</subfield>
    <subfield code="c">BK</subfield>
  </datafield>
  <datafield tag="999" ind1=" " ind2=" ">
    <subfield code="c">259217</subfield>
    <subfield code="d">259217</subfield>
  </datafield>
  <datafield tag="952" ind1=" " ind2=" ">
    <subfield code="0">0</subfield>
    <subfield code="1">0</subfield>
    <subfield code="2">ddc</subfield>
    <subfield code="4">0</subfield>
    <subfield code="6">B_7291_000000000000000</subfield>
    <subfield code="7">1</subfield>
    <subfield code="a">CISF</subfield>
    <subfield code="b">CISF</subfield>
    <subfield code="d">2016-12-21</subfield>
    <subfield code="l">0</subfield>
    <subfield code="o">b7291</subfield>
    <subfield code="p">9788851417703</subfield>
    <subfield code="r">2016-12-21 00:00:00</subfield>
    <subfield code="w">2016-12-21</subfield>
    <subfield code="y">BK</subfield>
  </datafield>
</record>
